| 000 | | | 05608cem0a2200373#x 450 |
| 001 | | | f3254e79-6de3-4616-bd15-15ef7a347277 |
| 005 | | | 20250505121723.0 |
| 100 | ## | $a | 20250505j194505##k###0rusy50 ca |
| 101 | 0# | $a | rus |
| 102 | ## | $a | RU |
| 120 | ## | $a | byy########## |
| 121 | ## | $a | a##aаbb#a |
| 122 | 2# | $a | d19450508## |
| | $a | d19450509## |
| 123 | 1# | $a | a |
| | $b | 100000 |
| 124 | ## | $b | d |
| 200 | 1# | $a | Карта боевых действий 7-го гвардейского танкового корпуса 3-й гвардейской танковой армии 1-го Украинского фронта в Пражской операции |
| | $j | 8-9 мая 1945 г. |
| 251 | ## | $c | Документ |
| 300 | ## | $a | Подлинник |
| 300 | ## | $a | Масштаб 1:100 000, 1 км в 1 см |
| 461 | #0 | $1 | 2001 |
| | $a | Ф. 236 |
| | $1 | 251 |
| | $c | Фонд |
| | $1 | 852 |
| | $j | 236 |
| 462 | #0 | $1 | 2001 |
| | $a | Оп. 2673 |
| | $1 | 251 |
| | $c | Опись |
| | $1 | 852 |
| | $j | 2673 |
| 462 | #0 | $1 | 2001 |
| | $a | Д. 2372 |
| | $v | Л. 1 |
| | $1 | 251 |
| | $c | Дело |
| | $1 | 852 |
| | $j | 2372 |
| 601 | 02 | $2 | nlr_sh |
| | $3 | RU\NLR\AUTH\6601548633 |
| | $a | Украинский фронт |
| | $c | 1; 1943 - 1945 |
| | $j | Карты |
| 605 | ## | $2 | prlib_sh |
| | $3 | LIBNET\UAF\0000088514 |
| | $a | Вторая мировая война в архивных документах (Комплекс оцифрованных архивных документов, кино- и фотоматериалов) |
| | $l | коллекция |
| 606 | 1# | $2 | nlr_sh |
| | $3 | RU\NLR\AUTH\661520861 |
| | $a | Великая Отечественная война |
| | $z | 1941 - 1945 |
| | $z | Третий период |
| | $z | 1944 – 1945 |
| | $j | Карты |
| 606 | 1# | $2 | nlr_sh |
| | $3 | RU\NLR\AUTH\661342670 |
| | $a | Великая Отечественная война |
| | $z | 1941 - 1945 |
| | $x | Военные операции |
| | $z | 1945 |
| | $j | Карты |
| 606 | 1# | $2 | nlr_sh |
| | $3 | RU\NLR\AUTH\66178943 |
| | $a | Пражская операция |
| | $z | 1945 |
| | $j | Карты |
| 608 | ## | $2 | prlib_sh |
| | $3 | DITM\AF\0000000377 |
| | $a | Военно-исторические карты |
| 686 | ## | $a | 63.3(2)622,13я64 |
| | $2 | rubbk |
| | $v | LBC/M |
| 801 | #0 | $a | RU |
| | $b | ПБ им. Б.Н. Ельцина |
| | $c | 20250505 |
| 801 | #1 | $a | RU |
| | $b | ПБ им. Б.Н. Ельцина |
| | $c | 20250505 |
| | $2 | rusmarc |
| 801 | #2 | $a | RU |
| | $b | ПБ им. Б.Н. Ельцина |
| | $c | 20250505 |
| | $2 | rusmarc |
| 850 | ## | $a | Центральный архив Министерства обороны Российской Федерации |
| 852 | ## | $a | ЦА МО РФ |
| | $j | Л. 1 |
| 035 | ## | $a | LIBNET\0001471466 |
| 937 | ## | $d | 196712104 |
| | $h | Федеральное архивное агентство |
| 856 | 4# | $u | http://readingroom.main.prlib.ru/item.aspx?id_node=n196712104&mode=full |